Psicología de la instrucción : (Record no. 131916)

MARC details
000 -CABECERA
campo de control de longitud fija 00982nam a2200265 u 4500
005 - FECHA Y HORA DE LA ÚLTIMA TRANSACCIÓN
campo de control 20221123063547.0
008 - ELEMENTOS DE LONGITUD FIJA--INFORMACIÓN GENERAL
campo de control de longitud fija 080919s2000 es r 000 0 spa d
020 ## - NÚMERO INTERNACIONAL NORMALIZADO PARA LIBROS
Número Internacional Estándar del Libro 8485840755
035 ## - NÚMERO DE CONTROL DEL SISTEMA
Número de control de sistema UPN01000159802
040 ## - FUENTE DE LA CATALOGACIÓN
Centro catalogador/agencia de origen UPN
Lengua de catalogación spa
Centro/agencia transcriptor UPN
049 ## - COLECCIÓN
Colección CG
050 #4 - SIGNATURA TOPOGRÁFICA DE LA BIBLIOTECA DEL CONGRESO
Número de clasificación LB1027.55
Número de documento/Ítem P7.4 2000
245 00 - MENCIÓN DE TÍTULO
Título Psicología de la instrucción :
Resto del título la enseñanza y el aprendizaje en la educación secundaria /
Mención de responsabilidad, etc. Concepción Gotzens ... [et al.] ; coord. César Coll.
250 ## - MENCIÓN DE EDICIÓN
Mención de edición 2a ed.
260 ## - PUBLICACIÓN, DISTRIBUCIÓN, ETC.
Lugar de publicación, distribución, etc. Barcelona, Esp. :
Nombre del editor, distribuidor, etc. ICI :
-- Horsori,
Fecha de publicación, distribución, etc. 2000.
300 ## - DESCRIPCIÓN FÍSICA
Extensión 205 p. :
Otras características físicas il., gráfs.
440 #0 - MENCIÓN DE SERIE/ASIENTO SECUNDARIO--TÍTULO
Título Cuadernos de formación del profesorado.
Nombre de parte o sección de la obra Educación secundaria ;
Designación de volumen o secuencia 15
650 #4 - ASIENTO SECUNDARIO DE MATERIA - TERMINO TEMATICO
Término de materia o nombre geográfico como elemento de entrada PSICOLOGIA ESCOLAR
9 (RLIN) 27591
650 #4 - ASIENTO SECUNDARIO DE MATERIA - TERMINO TEMATICO
Término de materia o nombre geográfico como elemento de entrada EDUCACION SECUNDARIA -
Subdivisión geográfica ESPAÑA
9 (RLIN) 8081
650 #4 - ASIENTO SECUNDARIO DE MATERIA - TERMINO TEMATICO
Término de materia o nombre geográfico como elemento de entrada EDUCACION SECUNDARIA -
Subdivisión geográfica ESPAÑA -
Subdivisión de forma PLANES Y PROGRAMAS
9 (RLIN) 16492
700 1# - ASIENTO SECUNDARIO--NOMBRE DE PERSONAL
Nombre de persona Gotzens Busquets, C.
Término indicativo de función/relación coaut.
9 (RLIN) 42325
700 1# - ASIENTO SECUNDARIO--NOMBRE DE PERSONAL
Nombre de persona Coll, César,
Fechas asociadas al nombre 1950-
Término indicativo de función/relación coord.
9 (RLIN) 30885
905 ## - TIPO DE MATERIAL
Tipo de material Libro
942 ## - ELEMENTOS DE PUNTO DE ACCESO ADICIONAL (KOHA)
Fuente del sistema de clasificación o colocación Library of Congress Classification
Tipo de ítem Koha Libro
Holdings
Estado de retiro Estado de pérdida Fuente del sistema de clasificación o colocación Estado dañado No para préstamo Código de colección Localización permanente Ubicación/localización actual Ubicación en estantería Total de préstamos Clasificación Código de barras Fecha visto por última vez Número de copia Tipo de ítem Koha Restricciones de uso Fecha de adquisición
    Library of Congress Classification     Colección General Bib. Gregorio Torres Quintero Bib. Gregorio Torres Quintero Planta baja 13 LB1027.55 P7.4 2000 258249 31/12/2020 1 Libro    
    Library of Congress Classification     Bibliografía básica Bib. Gregorio Torres Quintero Bib. Gregorio Torres Quintero Colecciones especiales Planta alta 14 LB1027.55 P7.4 2000 258250 31/12/2020 1 Libro por horas Préstamo por horas 30/01/2023